Deutsch an der Uni

Salvato in:
Dettagli Bibliografici
Autore principale: Hrušková, Gabriela
Ente Autore: Ekonomická univerzita v Bratislave. Ústav jazykov
Altri autori: Pospíšilová, Jana, 1950-
Natura: Libro
Lingua:tedesco
Pubblicazione: Bratislava Vydavateľstvo EKONÓM 2002
Soggetti:
Tags: Aggiungi Tag
Nessun Tag, puoi essere il primo ad aggiungerne!!

MARC

LEADER 00000nam a2200000 4500
001 c138238
005 20221124091913.4
020 |a 80-225-1614-7 
041 0 |a ger 
044 |a SK 
245 1 0 |a Deutsch an der Uni  |c Gabriela Hrušková, Jana Pospíšilová 
264 1 |a Bratislava  |b Vydavateľstvo EKONÓM  |c 2002 
300 |a 105 s. 
610 2 0 |a jazykoveda 
610 2 0 |a terminológia 
610 2 0 |a jazyky cudzie 
100 1 |a Hrušková, Gabriela 
700 1 |a Pospíšilová, Jana, 1950- 
710 2 |a Ekonomická univerzita v Bratislave. Ústav jazykov